Hartmann & Kester's plant propagation : (Record no. 88264)

MARC details
000 -LEADER
fixed length control field 00793nam a22002417a 4500
005 - DATE AND TIME OF LATEST TRANSACTION
control field 20140904115038.0
010 ## - LCCN (DPL NO)
LC control number ENG-110713
020 ## - INTERNATIONAL STANDARD BOOK NUMBER
International Standard Book Number 9788120350243
Terms of availability 995.00
035 ## - SYSTEM CONTROL NUMBER
System control number EN-94245
037 ## - SOURCE OF ACQUISITION
Source of stock number/acquisition DBAD/PUB
082 ## - DEWEY DECIMAL CLASSIFICATION NUMBER
Classification number 631.53
245 ## - TITLE STATEMENT
Title Hartmann & Kester's plant propagation :
Statement of responsibility, etc by Hudson T. Hartmann...[et al]
Remainder of title principles and practices /
246 ## - VARYING FORM OF TITLE
Title proper/short title Plant propagation
250 ## - EDITION STATEMENT
Edition statement 8th ed
260 ## - PUBLICATION, DISTRIBUTION, ETC. (IMPRINT)
Place of publication, distribution, etc Delhi
Name of publisher, distributor, etc PHI Learning
Date of publication, distribution, etc 2014
270 ## - ADDRESS
Address Rimjhim House, 111, Patparganj Industrial Estate
City Delhi
Postal code 110092
300 ## - PHYSICAL DESCRIPTION
Extent xii,915p. :
Dimensions 28cm(pbk)
Other physical details ill.
500 ## - GENERAL NOTE
General note Previous ed.: 2002.
500 ## - GENERAL NOTE
General note Includes bibliographical references and index.
650 ## - SUBJECT ADDED ENTRY--TOPICAL TERM
Topical term or geographic name as entry element Plant propagation.
700 ## - ADDED ENTRY--PERSONAL NAME
Personal name Hartmann, Hudson T.
942 ## - ADDED ENTRY ELEMENTS (KOHA)
Source of classification or shelving scheme Dewey Decimal Classification
Item type English Books
Call number suffix HAR
Classification part 631.53
Holdings
Withdrawn status Lost status Not for loan Collection code Home library Current library Date acquired Source of acquisition Cost, normal purchase price Full call number Barcode Copy number Cost, replacement price Koha item type
    Not For Loan Non-fiction D.B.Act.Division D.B.Act.Division 03/09/2014 DBAD/PUB 995.00 631.53 HAR EN-94245 1 995.00 English Books

© Delhi Public Library
Hit Counter
free hit counter